<?xml version="1.0" encoding="UTF-8"?>
<record
    xmlns:xsi="http://www.w3.org/2001/XMLSchema-instance"
    xsi:schemaLocation="http://www.loc.gov/MARC21/slim http://www.loc.gov/standards/marcxml/schema/MARC21slim.xsd"
    xmlns="http://www.loc.gov/MARC21/slim">

  <leader>00422nam a22001697a 4500</leader>
  <controlfield tag="003">OSt</controlfield>
  <controlfield tag="008">230320b        |||||||| |||| 00| 0 eng d</controlfield>
  <datafield tag="020" ind1=" " ind2=" ">
    <subfield code="a">9780195676853</subfield>
  </datafield>
  <datafield tag="082" ind1=" " ind2=" ">
    <subfield code="a">006.4 SHP</subfield>
  </datafield>
  <datafield tag="100" ind1=" " ind2=" ">
    <subfield code="a">SHINGHAL,Rajjan</subfield>
  </datafield>
  <datafield tag="245" ind1=" " ind2=" ">
    <subfield code="a">Pattern Recognition  Techniques and Applications</subfield>
  </datafield>
  <datafield tag="250" ind1=" " ind2=" ">
    <subfield code="a">IMP 10th</subfield>
  </datafield>
  <datafield tag="260" ind1=" " ind2=" ">
    <subfield code="a">New Delhi</subfield>
    <subfield code="b">Oxford</subfield>
    <subfield code="c">2015</subfield>
  </datafield>
  <datafield tag="300" ind1=" " ind2=" ">
    <subfield code="a">304</subfield>
  </datafield>
  <datafield tag="650" ind1=" " ind2=" ">
    <subfield code="a">Pattern Recognition</subfield>
  </datafield>
  <datafield tag="942" ind1=" " ind2=" ">
    <subfield code="2">ddc</subfield>
    <subfield code="c">BK</subfield>
  </datafield>
  <datafield tag="999" ind1=" " ind2=" ">
    <subfield code="c">11873</subfield>
    <subfield code="d">11873</subfield>
  </datafield>
  <datafield tag="952" ind1=" " ind2=" ">
    <subfield code="0">0</subfield>
    <subfield code="1">0</subfield>
    <subfield code="2">ddc</subfield>
    <subfield code="4">0</subfield>
    <subfield code="7">0</subfield>
    <subfield code="8">MCA</subfield>
    <subfield code="a">PIET</subfield>
    <subfield code="b">PIET</subfield>
    <subfield code="d">2023-03-11</subfield>
    <subfield code="e">International Book Centre</subfield>
    <subfield code="f">IN RUPEES</subfield>
    <subfield code="g">750.00</subfield>
    <subfield code="k">IB/IN1277</subfield>
    <subfield code="l">1</subfield>
    <subfield code="o">006.4 SHP</subfield>
    <subfield code="p">34692</subfield>
    <subfield code="q">2025-08-25</subfield>
    <subfield code="r">2025-02-06 00:00:00</subfield>
    <subfield code="s">2025-02-06</subfield>
    <subfield code="v">637.50</subfield>
    <subfield code="w">2023-03-11</subfield>
    <subfield code="y">BK</subfield>
  </datafield>
  <datafield tag="952" ind1=" " ind2=" ">
    <subfield code="0">0</subfield>
    <subfield code="1">0</subfield>
    <subfield code="2">ddc</subfield>
    <subfield code="4">0</subfield>
    <subfield code="7">0</subfield>
    <subfield code="8">MCA</subfield>
    <subfield code="a">PIET</subfield>
    <subfield code="b">PIET</subfield>
    <subfield code="d">2023-03-11</subfield>
    <subfield code="e">International Book Centre</subfield>
    <subfield code="f">IN RUPEES</subfield>
    <subfield code="g">750.00</subfield>
    <subfield code="k">IB/IN1277</subfield>
    <subfield code="l">0</subfield>
    <subfield code="o">006.4 SHP</subfield>
    <subfield code="p">34693</subfield>
    <subfield code="r">2023-03-20 00:00:00</subfield>
    <subfield code="v">637.50</subfield>
    <subfield code="w">2023-03-11</subfield>
    <subfield code="y">BK</subfield>
  </datafield>
  <datafield tag="952" ind1=" " ind2=" ">
    <subfield code="0">0</subfield>
    <subfield code="1">0</subfield>
    <subfield code="2">ddc</subfield>
    <subfield code="4">0</subfield>
    <subfield code="7">0</subfield>
    <subfield code="8">MCA</subfield>
    <subfield code="a">PIET</subfield>
    <subfield code="b">PIET</subfield>
    <subfield code="d">2023-03-11</subfield>
    <subfield code="e">International Book Centre</subfield>
    <subfield code="f">IN RUPEES</subfield>
    <subfield code="g">750.00</subfield>
    <subfield code="k">IB/IN1277</subfield>
    <subfield code="l">1</subfield>
    <subfield code="o">006.4 SHP</subfield>
    <subfield code="p">34694</subfield>
    <subfield code="r">2023-12-01 00:00:00</subfield>
    <subfield code="s">2023-12-01</subfield>
    <subfield code="v">637.50</subfield>
    <subfield code="w">2023-03-11</subfield>
    <subfield code="y">BK</subfield>
  </datafield>
  <datafield tag="952" ind1=" " ind2=" ">
    <subfield code="0">0</subfield>
    <subfield code="1">0</subfield>
    <subfield code="2">ddc</subfield>
    <subfield code="4">0</subfield>
    <subfield code="7">0</subfield>
    <subfield code="8">MCA</subfield>
    <subfield code="a">PIET</subfield>
    <subfield code="b">PIET</subfield>
    <subfield code="d">2023-03-11</subfield>
    <subfield code="e">International Book Centre</subfield>
    <subfield code="f">IN RUPEES</subfield>
    <subfield code="g">750.00</subfield>
    <subfield code="k">IB/IN1277</subfield>
    <subfield code="l">1</subfield>
    <subfield code="o">006.4 SHP</subfield>
    <subfield code="p">34695</subfield>
    <subfield code="q">2025-08-25</subfield>
    <subfield code="r">2025-02-06 00:00:00</subfield>
    <subfield code="s">2025-02-06</subfield>
    <subfield code="v">637.50</subfield>
    <subfield code="w">2023-03-11</subfield>
    <subfield code="y">BK</subfield>
  </datafield>
  <datafield tag="952" ind1=" " ind2=" ">
    <subfield code="0">0</subfield>
    <subfield code="1">0</subfield>
    <subfield code="2">ddc</subfield>
    <subfield code="4">0</subfield>
    <subfield code="7">0</subfield>
    <subfield code="8">MCA</subfield>
    <subfield code="a">PIET</subfield>
    <subfield code="b">PIET</subfield>
    <subfield code="d">2023-03-11</subfield>
    <subfield code="e">International Book Centre</subfield>
    <subfield code="f">IN RUPEES</subfield>
    <subfield code="g">750.00</subfield>
    <subfield code="k">IB/IN1277</subfield>
    <subfield code="l">0</subfield>
    <subfield code="o">006.4 SHP</subfield>
    <subfield code="p">34696</subfield>
    <subfield code="r">2023-03-20 00:00:00</subfield>
    <subfield code="v">637.50</subfield>
    <subfield code="w">2023-03-11</subfield>
    <subfield code="y">BK</subfield>
  </datafield>
  <datafield tag="952" ind1=" " ind2=" ">
    <subfield code="0">0</subfield>
    <subfield code="1">0</subfield>
    <subfield code="2">ddc</subfield>
    <subfield code="4">0</subfield>
    <subfield code="7">0</subfield>
    <subfield code="8">MCA</subfield>
    <subfield code="a">PIET</subfield>
    <subfield code="b">PIET</subfield>
    <subfield code="d">2023-03-11</subfield>
    <subfield code="e">International Book Centre</subfield>
    <subfield code="f">IN RUPEES</subfield>
    <subfield code="g">750.00</subfield>
    <subfield code="k">IB/IN1277</subfield>
    <subfield code="l">0</subfield>
    <subfield code="o">006.4 SHP</subfield>
    <subfield code="p">34697</subfield>
    <subfield code="r">2023-03-20 00:00:00</subfield>
    <subfield code="v">637.50</subfield>
    <subfield code="w">2023-03-11</subfield>
    <subfield code="y">BK</subfield>
  </datafield>
  <datafield tag="952" ind1=" " ind2=" ">
    <subfield code="0">0</subfield>
    <subfield code="1">0</subfield>
    <subfield code="2">ddc</subfield>
    <subfield code="4">0</subfield>
    <subfield code="7">0</subfield>
    <subfield code="8">MCA</subfield>
    <subfield code="a">PIET</subfield>
    <subfield code="b">PIET</subfield>
    <subfield code="d">2023-03-11</subfield>
    <subfield code="e">International Book Centre</subfield>
    <subfield code="f">IN RUPEES</subfield>
    <subfield code="g">750.00</subfield>
    <subfield code="k">IB/IN1277</subfield>
    <subfield code="l">0</subfield>
    <subfield code="o">006.4 SHP</subfield>
    <subfield code="p">34698</subfield>
    <subfield code="r">2023-03-20 00:00:00</subfield>
    <subfield code="v">637.50</subfield>
    <subfield code="w">2023-03-11</subfield>
    <subfield code="y">BK</subfield>
  </datafield>
  <datafield tag="952" ind1=" " ind2=" ">
    <subfield code="0">0</subfield>
    <subfield code="1">0</subfield>
    <subfield code="2">ddc</subfield>
    <subfield code="4">0</subfield>
    <subfield code="7">0</subfield>
    <subfield code="8">MCA</subfield>
    <subfield code="a">PIET</subfield>
    <subfield code="b">PIET</subfield>
    <subfield code="d">2023-03-11</subfield>
    <subfield code="e">International Book Centre</subfield>
    <subfield code="f">IN RUPEES</subfield>
    <subfield code="g">750.00</subfield>
    <subfield code="k">IB/IN1277</subfield>
    <subfield code="l">0</subfield>
    <subfield code="o">006.4 SHP</subfield>
    <subfield code="p">34699</subfield>
    <subfield code="r">2023-03-20 00:00:00</subfield>
    <subfield code="v">637.50</subfield>
    <subfield code="w">2023-03-11</subfield>
    <subfield code="y">BK</subfield>
  </datafield>
  <datafield tag="952" ind1=" " ind2=" ">
    <subfield code="0">0</subfield>
    <subfield code="1">0</subfield>
    <subfield code="2">ddc</subfield>
    <subfield code="4">0</subfield>
    <subfield code="7">0</subfield>
    <subfield code="8">MCA</subfield>
    <subfield code="a">PIET</subfield>
    <subfield code="b">PIET</subfield>
    <subfield code="d">2023-03-11</subfield>
    <subfield code="e">International Book Centre</subfield>
    <subfield code="f">IN RUPEES</subfield>
    <subfield code="g">750.00</subfield>
    <subfield code="k">IB/IN1277</subfield>
    <subfield code="l">0</subfield>
    <subfield code="o">006.4 SHP</subfield>
    <subfield code="p">34700</subfield>
    <subfield code="r">2023-03-20 00:00:00</subfield>
    <subfield code="v">637.50</subfield>
    <subfield code="w">2023-03-11</subfield>
    <subfield code="y">BK</subfield>
  </datafield>
  <datafield tag="952" ind1=" " ind2=" ">
    <subfield code="0">0</subfield>
    <subfield code="1">0</subfield>
    <subfield code="2">ddc</subfield>
    <subfield code="4">0</subfield>
    <subfield code="7">0</subfield>
    <subfield code="8">MCA</subfield>
    <subfield code="a">PIET</subfield>
    <subfield code="b">PIET</subfield>
    <subfield code="d">2023-03-11</subfield>
    <subfield code="e">International Book Centre</subfield>
    <subfield code="f">IN RUPEES</subfield>
    <subfield code="g">750.00</subfield>
    <subfield code="k">IB/IN1277</subfield>
    <subfield code="l">1</subfield>
    <subfield code="o">006.4 SHP</subfield>
    <subfield code="p">34701</subfield>
    <subfield code="r">2024-07-31 00:00:00</subfield>
    <subfield code="s">2024-03-13</subfield>
    <subfield code="v">637.50</subfield>
    <subfield code="w">2023-03-11</subfield>
    <subfield code="y">BK</subfield>
  </datafield>
</record>
